Sidetracked / (Record no. 292853)
[ view plain ]
| 000 -LEADER | |
|---|---|
| fixed length control field | 01317cam a22003494a 4500 |
| 001 - CONTROL NUMBER | |
| control field | 12940602 |
| 003 - CONTROL NUMBER IDENTIFIER | |
| control field | PILC |
| 005 - DATE AND TIME OF LATEST TRANSACTION | |
| control field | 20160329135835.0 |
| 008 - FIXED-LENGTH DATA ELEMENTS--GENERAL INFORMATION | |
| fixed length control field | 020920r20031999nyub 000 1 eng |
| 010 ## - LIBRARY OF CONGRESS CONTROL NUMBER | |
| LC control number | 2002036008 |
| 020 ## - INTERNATIONAL STANDARD BOOK NUMBER | |
| International Standard Book Number | 1400031567 (pbk.) |
| 040 ## - CATALOGING SOURCE | |
| Original cataloging agency | DLC |
| Transcribing agency | DLC |
| Modifying agency | DLC |
| 041 1# - LANGUAGE CODE | |
| Language code of text/sound track or separate title | eng |
| Language code of original and/or intermediate translations of text | swe |
| 042 ## - AUTHENTICATION CODE | |
| Authentication code | pcc |
| 050 00 - LIBRARY OF CONGRESS CALL NUMBER | |
| Classification number | PT 9876.23.A49 |
| Item number | .V551 2003 |
| 082 00 - DEWEY DECIMAL CLASSIFICATION NUMBER | |
| Classification number | 839.73/74 |
| 100 1# - MAIN ENTRY--PERSONAL NAME | |
| Personal name | Mankell, Henning, |
| Dates associated with a name | 1948-2015. |
| 240 10 - UNIFORM TITLE | |
| Uniform title | <a href="Villospår.">Villospår.</a> |
| Language of a work | English |
| 245 10 - TITLE STATEMENT | |
| Title | Sidetracked / |
| Statement of responsibility, etc | Henning Mankell ; translated from the Swedish by Steven T. Murray. |
| 250 ## - EDITION STATEMENT | |
| Edition statement | 1st Vintage crime/Black Lizard edition. |
| 260 ## - PUBLICATION, DISTRIBUTION, ETC. (IMPRINT) | |
| Place of publication, distribution, etc | New York : |
| Name of publisher, distributor, etc | Vintage Books, |
| Date of publication, distribution, etc | 2003. |
| 300 ## - PHYSICAL DESCRIPTION | |
| Extent | 420 pages ; |
| Dimensions | 21 cm. |
| 440 #0 - SERIES STATEMENT/ADDED ENTRY--TITLE | |
| Title | Vintage crime/Black Lizard |
| 500 ## - GENERAL NOTE | |
| General note | "Kurt Wallander mysteries." |
| 500 ## - GENERAL NOTE | |
| General note | Originally published: Stockholm, Sweden : Ordfront, 1995. |
| 700 1# - ADDED ENTRY--PERSONAL NAME | |
| Personal name | Murray, Steven T. |
| 856 42 - ELECTRONIC LOCATION AND ACCESS | |
| Materials specified | Contributor biographical information |
| Uniform Resource Identifier | <a href="http://www.loc.gov/catdir/bios/random054/2002036008.html">http://www.loc.gov/catdir/bios/random054/2002036008.html</a> |
| 856 42 - ELECTRONIC LOCATION AND ACCESS | |
| Materials specified | Publisher description |
| Uniform Resource Identifier | <a href="http://www.loc.gov/catdir/description/random0413/2002036008.html">http://www.loc.gov/catdir/description/random0413/2002036008.html</a> |
| 906 ## - LOCAL DATA ELEMENT F, LDF (RLIN) | |
| a | 7 |
| b | cbc |
| c | orignew |
| d | 1 |
| e | ocip |
| f | 20 |
| g | y-gencatlg |
| 942 ## - ADDED ENTRY ELEMENTS (KOHA) | |
| Source of classification or shelving scheme | Library of Congress Classification |
| Koha item type | Books |
| Withdrawn status | Lost status | Source of classification or shelving scheme | Damaged status | Home library | Current library | Shelving location | Date acquired | Source of acquisition | Sub Shelving location | Total Checkouts | Total Renewals | Full call number | Barcode | Date last seen | Date checked out | Price effective from | Koha item type |
|---|---|---|---|---|---|---|---|---|---|---|---|---|---|---|---|---|---|
| Library of Congress Classification | College Library | College Library | Fiction Section | 03/29/2016 | Donation | 1 | 14 | PT 9876.23.A49 .V551 2003 | C20510 | 05/08/2018 | 08/18/2017 | 03/29/2016 | Books |